| 000 | 00461nam a2200169Ia 4500 | ||
|---|---|---|---|
| 008 | 230917s9999||||xx |||||||||||||| ||und|| | ||
| 020 | _cRS225 | ||
| 040 |
_e224012 _aMAIN |
||
| 041 | _aEnglish | ||
| 082 | _a006.78 T189R | ||
| 100 | _aTate, Bruce A | ||
| 245 | 0 | _aRuby on rails: Up and running | |
| 260 |
_aMumbai _bShroff Publishers & Distributors _c2006 |
||
| 300 | _axi, 167 p. | ||
| 500 | _a1932 05/02/2015 HBD 6324 26/02/2015 Main Budget | ||
| 942 | _cBK | ||
| 999 |
_c14464 _d14464 |
||